MARC details
| 000 -LEADER |
| fixed length control field |
01225nam a2200325 a 4500 |
| 001 - CONTROL NUMBER |
| control field |
vtls001439076 |
| 003 - CONTROL NUMBER IDENTIFIER |
| control field |
NLI |
| 005 - DATE AND TIME OF LATEST TRANSACTION |
| control field |
20210627122022.0 |
| 008 - FIXED-LENGTH DATA ELEMENTS--GENERAL INFORMATION |
| fixed length control field |
121130m1990uuuuii 000 0 eng |
| 039 #9 - LEVEL OF BIBLIOGRAPHIC CONTROL AND CODING DETAIL [OBSOLETE] |
| -- |
201211301646 |
| -- |
VLOAD |
| 040 ## - CATALOGING SOURCE |
| Original cataloging agency |
NLI |
| Language of cataloging |
eng |
| Transcribing agency |
Datasoft_GENG |
| Description conventions |
AACR2 |
| 041 0# - LANGUAGE CODE |
| Language code of text/sound track or separate title |
eng |
| 044 ## - COUNTRY OF PUBLISHING/PRODUCING ENTITY CODE |
| MARC country code |
ii |
| 082 04 - DEWEY DECIMAL CLASSIFICATION NUMBER |
| Classification number |
915.496 |
| 245 00 - TITLE STATEMENT |
| Title |
Eastern Himalaya through parliamentary proceedings, 1985-1989 : |
| Remainder of title |
documentation / |
| Statement of responsibility, etc. |
compiled by J. M. Majumdar |
| 260 ## - PUBLICATION, DISTRIBUTION, ETC. |
| Place of publication, distribution, etc. |
Darjeeling : |
| Name of publisher, distributor, etc. |
Documentation Cell, Centre for Himalayan Studies, University of North Bengal, |
| Date of publication, distribution, etc. |
1990- |
| 300 ## - PHYSICAL DESCRIPTION |
| Extent |
-v ; |
| Dimensions |
26 cm. |
| 500 ## - GENERAL NOTE |
| General note |
Library has part 1 |
| 505 0# - FORMATTED CONTENTS NOTE |
| Formatted contents note |
Part 1. Nepal, Bhutan, Tibet, Sikkimand Indo-China relations |
| 651 #0 - SUBJECT ADDED ENTRY--GEOGRAPHIC NAME |
| Geographic name |
Himalaya Mountains |
| General subdivision |
Description and travel |
| 700 1# - ADDED ENTRY--PERSONAL NAME |
| Personal name |
Majumdar, J. M., |
| Relationship |
com |
| 9 (RLIN) |
1003587 |
| 710 1# - ADDED ENTRY--CORPORATE NAME |
| Corporate name or jurisdiction name as entry element |
University of North Bengal. |
| Subordinate unit |
Centre for Himalayan Studies. |
| -- |
Documentation Cell |
| 9 (RLIN) |
1003588 |
| 740 02 - ADDED ENTRY--UNCONTROLLED RELATED/ANALYTICAL TITLE |
| Uncontrolled related/analytical title |
Documentation: Eastern Himalaya through parliamentary proceedings, 1985-1989 |
| 887 ## - NON-MARC INFORMATION FIELD |
| Content of non-MARC field |
|
| 901 ## - LOCAL DATA ELEMENT A, LDA (RLIN) |
| a |
DB62269 |
| b |
24.08.1992 |
| 9 |
pt.1 |
| 902 ## - LOCAL DATA ELEMENT B, LDB (RLIN) |
| a |
E/O 915.496 Ea 999 |
| 904 ## - LOCAL DATA ELEMENT D, LDD (RLIN) |
| l |
3857 |
| 949 ## - LOCAL PROCESSING INFORMATION (OCLC) |
| -- |
VIRTUAITEM |
| -- |
10000 |
| -- |
100 |
| 6 |
DBA000062269ENG |
| 9 |
pt.1 |
| 942 ## - ADDED ENTRY ELEMENTS (KOHA) |
| Source of classification or shelving scheme |
Dewey Decimal Classification |
| Koha item type |
Books |